| 000 | 00562nam a22001577a 4500 | ||
|---|---|---|---|
| 003 | OSt | ||
| 005 | 20150910170244.0 | ||
| 008 | 150910b xxu||||| |||| 00| 0 eng d | ||
| 040 | _cRUA | ||
| 082 | _aAGR ស៊ុន 1995 BOO11 Or.1 | ||
| 100 |
_9279 _aស៊ុន សុភក្តី |
||
| 245 | _aមូលដ្ឋានគ្រុិះស្រាវជ្រាវប្រព័ន្ធកសិកម្ម ដំណាំស្រូវនៅកម្ពុជា | ||
| 260 |
_aPHNOMPHEN _bRUA _c1995 |
||
| 300 |
_a98P. _bILL. _c29CM. |
||
| 942 |
_2ddc _cAGR |
||
| 999 |
_c259 _d259 |
||